000 00797nam a2200193Ii 4500
003 JO-AjNU
008 230605s9999||||xx |||||||||||||| ||und||
040 _aJO-AjNU
_bara
_erda
_cJO-AjNU
041 _aara
050 1 4 _aHC498.A7.T36.2013
100 3 _aالمجلس الاقتصادي والاجتماعي الأردني,
_eauthor
_951183
245 0 0 _aالمجلس الاقتصادي والاجتماعي الأردني: التقرير الاقتصادي والاجتماعي 2013
264 3 1 _aعمان: المجلس الاقتصادي والاجتماعي، 2013
300 _a382ص
336 _atext
_btxt
_2rdacontent
337 _aunmediated
_bn
_2rdamedia
338 _avolume
_bnc
_2rdacarrier
650 4 _aالاردن -- احوال اقتصادية -- تقارير سنوية
_951184
999 _aA22592
_c26160
_d26160